Aerosol science : (Record no. 342268)

000 -LEADER
fixed length control field 01634cam a2200325 i 4500
001 - CONTROL NUMBER
control field 17821873
003 - CONTROL NUMBER IDENTIFIER
control field NUST
005 - DATE AND TIME OF LATEST TRANSACTION
control field 20171215095059.0
008 - FIXED-LENGTH DATA ELEMENTS--GENERAL INFORMATION
fixed length control field 130722s2014 enka b 001 0 eng
010 ## - LIBRARY OF CONGRESS CONTROL NUMBER
LC control number 2013028905
020 ## - INTERNATIONAL STANDARD BOOK NUMBER
International Standard Book Number 9781119977926 (cloth)
040 ## - CATALOGING SOURCE
Original cataloging agency DLC
Language of cataloging eng
Transcribing agency DLC
Description conventions rda
Modifying agency DLC
042 ## - AUTHENTICATION CODE
Authentication code pcc
050 00 - LIBRARY OF CONGRESS CALL NUMBER
Classification number TP244.A3
Item number A336 2014
082 00 - DEWEY DECIMAL CLASSIFICATION NUMBER
Classification number 660.294 COL
Edition number 23
245 00 - TITLE STATEMENT
Title Aerosol science :
Remainder of title technology and applications /
Statement of responsibility, etc. [edited by] Ian Colbeck, School of Biological Sciences, University of Essex, UK; Mihalis Lazaridis, Department of Enivronmental Engineering, Technical University of Crete, Greece.
264 #1 - PRODUCTION, PUBLICATION, DISTRIBUTION, MANUFACTURE, AND COPYRIGHT NOTICE
Place of production, publication, distribution, manufacture Chichester, West Sussex, United Kingdom :
Name of producer, publisher, distributor, manufacturer Wiley,
Date of production, publication, distribution, manufacture, or copyright notice 2014.
300 ## - PHYSICAL DESCRIPTION
Extent xiv, 474 pages ;
Dimensions 25 cm
336 ## - CONTENT TYPE
Content type term text
Source rdacontent
337 ## - MEDIA TYPE
Media type term unmediated
Source rdamedia
338 ## - CARRIER TYPE
Carrier type term volume
Source rdacarrier
500 ## - GENERAL NOTE
General note Includes index.
501 ## - WITH NOTE
With note H.B
650 #0 - SUBJECT ADDED ENTRY--TOPICAL TERM
Topical term or geographic name entry element Aerosols
General subdivision Industrial applications.
9 (RLIN) 7314
650 #0 - SUBJECT ADDED ENTRY--TOPICAL TERM
Topical term or geographic name entry element Aerosols
General subdivision Environmental aspects.
9 (RLIN) 7315
700 1# - ADDED ENTRY--PERSONAL NAME
Personal name Colbeck, I.
Fuller form of name (Ian),
Relator term editor of compilation.
9 (RLIN) 7316
700 1# - ADDED ENTRY--PERSONAL NAME
Personal name Lazaridis, Mihalis,
Relator term editor of compilation
9 (RLIN) 7317
776 08 - ADDITIONAL PHYSICAL FORM ENTRY
Relationship information Online version:
Title Aerosol science
Place, publisher, and date of publication West Sussex, United Kingdom : John Wiley & Sons Inc., 2014
International Standard Book Number 9781118675359
Record control number (DLC) 2013029655
906 ## - LOCAL DATA ELEMENT F, LDF (RLIN)
a 7
b cbc
c orignew
d 1
e ecip
f 20
g y-gencatlg
942 ## - ADDED ENTRY ELEMENTS (KOHA)
Source of classification or shelving scheme
Koha item type Book
Call number prefix IESE
Holdings
Withdrawn status Lost status Source of classification or shelving scheme Damaged status Not for loan Collection code Permanent Location Current Location Shelving location Date acquired Total Checkouts Full call number Barcode Date last seen Date last checked out Price effective from Koha item type
            Institute of Environmental Science and Engineering (IESE) Institute of Environmental Science and Engineering (IESE) General Stacks 12/15/2017 1 660.294 COL IESE-3817 03/27/2025 02/18/2025 12/15/2017 Book
© 2023 Central Library, National University of Sciences and Technology. All Rights Reserved.